| 000 | 00365nam a22001217a 4500 | ||
|---|---|---|---|
| 999 |
_c9375 _d9375 |
||
| 003 | OSt | ||
| 008 | 201203b ||||| |||| 00| 0 eng d | ||
| 245 | _aIndian Journal of Civil and Architectural Engineering | ||
| 250 | _a2016(Jan-Jun Vol.4 No.1, Jul-Dec Vol.4 No.2) | ||
| 260 |
_aNew Delhi _bAcademic Research Journals |
||
| 650 | _aCivil Engineering | ||
| 942 |
_2ddc _cBV |
||